Általános társadalmi helyzetkép a szlovákiai szociális gazdaság kontextusában

Vývoj celkového počtu obyvateľov Slovenska. Vývoj populácie mužov a žien na Slovensku. Vekové zloženie obyvateľstva Slovenska. Vývoj miery nezamestnanosti v Slovenskej republike. Vývoj minimálnej a priemernej mzdy v SR. Situácia v sociálnej ekonomike na Slovensku.

Gespeichert in:
Bibliographische Detailangaben
1. Verfasser: Pongrácz, Eva, 1971-
Weitere Verfasser: Trebichalská, Miriama, 1990-
Format: Buchkapitel
Sprache:Ungarisch
Schlagworte:
Tags: Tag hinzufügen
Keine Tags, Fügen Sie das erste Tag hinzu!

MARC

LEADER 00000naa$a2200000$$$4500
001 0290976
005 20240417075225.7
041 0 |a hun 
044 |a HU 
245 1 0 |a Általános társadalmi helyzetkép a szlovákiai szociális gazdaság kontextusában 
520 |a Vývoj celkového počtu obyvateľov Slovenska. Vývoj populácie mužov a žien na Slovensku. Vekové zloženie obyvateľstva Slovenska. Vývoj miery nezamestnanosti v Slovenskej republike. Vývoj minimálnej a priemernej mzdy v SR. Situácia v sociálnej ekonomike na Slovensku. 
610 2 0 |a sektor terciárny 
610 2 0 |a ekonomika sociálna 
610 2 0 |a zamestnanci 
610 2 0 |a podmienky pracovné 
610 2 0 |a podmienky životné 
610 2 0 |a ukazovatele ekonomické 
610 2 0 |a demografia 
610 2 0 |a obyvateľstvo 
610 2 0 |a Slovensko 
100 1 |a Pongrácz, Eva, 1971- 
700 1 |a Trebichalská, Miriama, 1990-